[Event "2nd Easter 4NCL Congress"]
[Site "Daventry"]
[Date "2022.04.15"]
[Round "1"]
[Board "15"]
[White "Morris, Nigel W"]
[Black "Ward, Oliver J"]
[Result "1/2-1/2"]
[WhiteElo "1587"]
[BlackElo "1415"]
[PlyCount "63"]
[EventDate "2022.04.15"]
[EventRounds "7"]
[EventCountry "ENG"]

1. d4 d5 2. Nf3 Nf6 3. c4 e6 4. Nc3 c6 5. Bg5 Nbd7 6. e3 h6 7. Bh4 Be7 8. Bd3
dxc4 9. Bxc4 b5 10. Bd3 Bb7 11. O-O a6 12. Qe2 O-O 13. Rfd1 c5 14. dxc5 Bxc5
15. Rac1 Be7 16. Bb1 Nd5 17. Qd3 f5 18. Bg3 Qb6 19. Nxd5 Bxd5 20. Nd2 Nc5 21.
Qd4 Rac8 22. b3 Nd7 23. Qd3 Bf6 24. Rxc8 Rxc8 25. e4 Nc5 26. Qd4 fxe4 27. Nxe4
Be7 28. Nc3 Qb7 29. Nxd5 exd5 30. h3 Ne4 31. Be5 Qc6 32. Bxe4  1/2-1/2

[Event "2nd Easter 4NCL Congress"]
[Site "Daventry"]
[Date "2022.04.15"]
[Round "1"]
[Board "16"]
[White "Dargue, Peter W"]
[Black "Hadfield, Roy"]
[Result "0-1"]
[WhiteElo "1410"]
[BlackElo "1585"]
[PlyCount "60"]
[EventDate "2022.04.15"]
[EventRounds "7"]
[EventCountry "ENG"]

1. e4 c5 2. Nf3 e6 3. c3 d5 4. exd5 exd5 5. d4 Nc6 6. Bb5 a6 7. Bxc6+ bxc6 8.
Be3 cxd4 9. Nxd4 c5 10. Nf3 Nf6 11. h3 Rb8 12. b3 Be7 13. Nbd2 O-O 14. O-O Qc7
15. Bg5 h6 16. Bh4 Bb7 17. Bg3 Bd6 18. Bxd6 Qxd6 19. Re1 Rfe8 20. Rxe8+ Rxe8
21. Qc2 Ne4 22. Nxe4 dxe4 23. Re1 Qc6 24. Nh2 Re6 25. Re3 f5 26. f4 exf3 27.
Rxe6 Qxe6 28. Nxf3 Qe3+ 29. Kf1 Be4 30. Qd2 Bd3+  0-1

[Event "2nd Easter 4NCL Congress"]
[Site "Daventry"]
[Date "2022.04.15"]
[Round "1"]
[Board "17"]
[White "Sagar, Aneesh"]
[Black "Cox, R David"]
[Result "1-0"]
[WhiteElo "1580"]
[BlackElo "1400"]
[PlyCount "79"]
[EventDate "2022.04.15"]
[EventRounds "7"]
[EventCountry "ENG"]

1. e4 c5 2. Nf3 d6 3. c4 g6 4. d4 cxd4 5. Nxd4 Bg7 6. Be3 Nf6 7. Nc3 b6 8. Bd3
Bb7 9. f3 O-O 10. Qd2 Re8 11. g4 Nbd7 12. g5 Nh5 13. Be2 Bh8 14. Rf1 Rc8 15. f4
Ng7 16. h4 e5 17. Ndb5 Rb8 18. Nxd6 Re7 19. f5 Ne8 20. Nxb7 Rxb7 21. f6 Re6 22.
Nd5 Rd6 23. Qb4 a5 24. Qd2 Qb8 25. O-O-O Nc5 26. Bxc5 bxc5 27. Qc3 Ra6 28. Rd2
Rd6 29. Rfd1 Kf8 30. Qxe5 Ng7 31. Ne7 Rxd2 32. Qxb8+ Rxb8 33. Rxd2 Ne6 34. Nc6
Ra8 35. Rd7 a4 36. Bg4 Nf4 37. Ne5 h5 38. gxh6 Re8 39. Rxf7+ Kg8 40. h7#  1-0

[Event "2nd Easter 4NCL Congress"]
[Site "Daventry"]
[Date "2022.04.15"]
[Round "1"]
[Board "18"]
[White "Patel, Diah Dipal"]
[Black "Bullock, Lee"]
[Result "0-1"]
[WhiteElo "1318"]
[BlackElo "1579"]
[PlyCount "72"]
[EventDate "2022.04.15"]
[EventRounds "7"]
[EventCountry "ENG"]

1. e4 c5 2. Nf3 d6 3. Nc3 Nc6 4. Bc4 h6 5. d3 Nf6 6. Bf4 a6 7. Qd2 e6 8. d4
cxd4 9. Nxd4 Nxd4 10. O-O-O e5 11. Be3 Nc6 12. f4 b5 13. Bb3 Bb7 14. Nd5 Nxe4
15. Qd3 Nf6 16. fxe5 dxe5 17. Bb6 Nxd5 18. Bxd8 Ncb4 19. Qf5 Rxd8 20. Qxe5+ Kd7
21. Bxd5 Nxd5 22. Rd4 Kc6 23. c4 bxc4 24. Rxc4+ Kb5 25. Qe2 Ka5 26. b4+ Bxb4
27. Qb2 Rc8 28. Qb3 Rxc4+ 29. Kb2 Rhc8 30. a3 Rc2+ 31. Kb1 R2c4 32. Qa2 Nc3+
33. Kb2 Nxa2 34. axb4+ Rxb4+ 35. Kxa2 Bd5+ 36. Ka3 Rc3#  0-1

[Event "2nd Easter 4NCL Congress"]
[Site "Daventry"]
[Date "2022.04.15"]
[Round "1"]
[Board "19"]
[White "Constable, Christine F"]
[Black "Darbost, Fabien"]
[Result "1-0"]
[WhiteElo "1560"]
[BlackElo "1258"]
[PlyCount "61"]
[EventDate "2022.04.15"]
[EventRounds "7"]
[EventCountry "ENG"]

1. d4 d5 2. c4 c6 3. Nc3 Nf6 4. g3 e6 5. Bg2 dxc4 6. Nf3 Bb4 7. O-O Nd5 8. Qc2
Nd7 9. Nxd5 cxd5 10. Bg5 f6 11. Bf4 Nb6 12. e4 dxe4 13. Qxe4 Nd5 14. Rfd1 Bd7
15. Bd2 c3 16. bxc3 Bxc3 17. Rac1 Bxd2 18. Rxd2 Kf7 19. Qb1 b6 20. Rdc2 Re8 21.
Qb2 Qe7 22. Rc4 Qf8 23. Nd2 Rac8 24. Qb1 a6 25. Qxh7 Rxc4 26. Nxc4 Rc8 27. Qh5+
g6 28. Qh7+ Qg7 29. Nd6+ Kf8 30. Qxg7+ Kxg7 31. Nxc8  1-0

[Event "2nd Easter 4NCL Congress"]
[Site "Daventry"]
[Date "2022.04.15"]
[Round "1"]
[Board "20"]
[White "Veeturi, Yashvardhan"]
[Black "Cox, Lucian"]
[Result "0-1"]
[WhiteElo "1165"]
[BlackElo "1545"]
[PlyCount "52"]
[EventDate "2022.04.15"]
[EventRounds "7"]
[EventCountry "ENG"]

1. d4 Nf6 2. e3 g6 3. Bd3 Bg7 4. Nd2 O-O 5. f4 d6 6. Ngf3 Nbd7 7. O-O Qe8 8. b3
e5 9. fxe5 dxe5 10. dxe5 Nxe5 11. Qe2 Nxd3 12. cxd3 Ng4 13. h3 Qxe3+ 14. Qxe3
Nxe3 15. Re1 Nc2 16. Rf1 Bxa1 17. Nc4 Nd4 18. Ba3 Nxf3+ 19. gxf3 Bd4+ 20. Kg2
Re8 21. Kg3 h5 22. f4 b6 23. Rc1 Bb7 24. Rc2 Rad8 25. Rd2 Bc3 26. Rd1 Re2  0-1

[Event "2nd Easter 4NCL Congress"]
[Site "Daventry"]
[Date "2022.04.15"]
[Round "1"]
[Board "21"]
[White "Mckay, Ruairidh"]
[Black "Baan, Radha"]
[Result "1-0"]
[WhiteElo "1544"]
[BlackElo "1144"]
[PlyCount "73"]
[EventDate "2022.04.15"]
[EventRounds "7"]
[EventCountry "ENG"]

1. d4 Nf6 2. c4 c5 3. d5 b5 4. cxb5 a6 5. bxa6 g6 6. Nc3 Bg7 7. e4 O-O 8. Nf3
d6 9. Bd3 Qa5 10. O-O Bxa6 11. Bxa6 Nxa6 12. Bd2 Rfb8 13. Rb1 Nb4 14. a4 Nd3
15. b3 Ng4 16. Nb5 Qb6 17. Qe2 Nge5 18. Nxe5 Nxe5 19. Kh1 c4 20. f4 Nd7 21.
Qxc4 Qc5 22. Qd3 Nf6 23. Rbc1 Qb6 24. Rc6 Qb7 25. Rc7 Qb6 26. Rxe7 Ng4 27. Qe2
h5 28. e5 dxe5 29. fxe5 Rf8 30. Bc3 Qc5 31. d6 f6 32. exf6 Bxf6 33. Bxf6 Rxf6
34. Rxf6 Nxf6 35. Qe6+ Kf8 36. Qxf6+ Kg8 37. Qg7#  1-0

[Event "2nd Easter 4NCL Congress"]
[Site "Daventry"]
[Date "2022.04.16"]
[Round "2"]
[Board "1"]
[White "Hadfield, Roy"]
[Black "Homer, Neil S"]
[Result "1/2-1/2"]
[WhiteElo "1585"]
[BlackElo "1692"]
[PlyCount "61"]
[EventDate "2022.04.15"]
[EventRounds "7"]
[EventCountry "ENG"]

1. d4 d5 2. c4 e6 3. Nc3 c5 4. cxd5 exd5 5. Nf3 Nc6 6. g3 Nf6 7. Bg2 Be7 8. O-O
O-O 9. Bg5 c4 10. Bxf6 Bxf6 11. e3 Be6 12. a3 Qd7 13. Nd2 Rfd8 14. Rc1 Rac8 15.
Re1 Ne7 16. Ne2 b5 17. e4 dxe4 18. Nxe4 Bxd4 19. Nxd4 Qxd4 20. Qh5 Qb6 21. Ng5
h6 22. Rxe6 fxe6 23. Qf7+ Kh8 24. Nxe6 Rg8 25. Nf4 Qf6 26. Qh5 a6 27. Qe2 Rce8
28. Qc2 g5 29. Nh5 Qg6 30. Qc3+ Rg7 31. Nxg7  1/2-1/2

[Event "2nd Easter 4NCL Congress"]
[Site "Daventry"]
[Date "2022.04.16"]
[Round "2"]
[Board "2"]
[White "Maher, Mike P"]
[Black "Sagar, Aneesh"]
[Result "1/2-1/2"]
[WhiteElo "1692"]
[BlackElo "1580"]
[PlyCount "56"]
[EventDate "2022.04.15"]
[EventRounds "7"]
[EventCountry "ENG"]

1. d4 d5 2. c4 e6 3. cxd5 exd5 4. Nc3 Nf6 5. Bg5 Be7 6. e3 c6 7. Bd3 Bg4 8. Qc2
Nbd7 9. h3 Be6 10. Nge2 h6 11. Bh4 Nh5 12. Bxe7 Qxe7 13. g4 Nhf6 14. Ng3 Nb6
15. O-O-O O-O-O 16. Rhe1 Qc7 17. Kb1 Kb8 18. Nf5 Bxf5 19. Bxf5 Nc4 20. Bd3 Nd6
21. e4 dxe4 22. Bxe4 Nfxe4 23. Nxe4 Rhe8 24. Nxd6 Qxd6 25. Rxe8 Rxe8 26. Qf5
Qe6 27. Qxe6 Rxe6 28. d5 Rd6  1/2-1/2

[Event "2nd Easter 4NCL Congress"]
[Site "Daventry"]
[Date "2022.04.16"]
[Round "2"]
[Board "3"]
[White "Szydlowski, Sebastien"]
[Black "Constable, Christine F"]
[Result "1-0"]
[WhiteElo "1681"]
[BlackElo "1560"]
[PlyCount "67"]
[EventDate "2022.04.15"]
[EventRounds "7"]
[EventCountry "ENG"]

1. b3 Nf6 2. Bb2 g6 3. Bxf6 exf6 4. c4 Bg7 5. Nc3 O-O 6. Nf3 f5 7. Rc1 d6 8. g3
Nd7 9. Bg2 Rb8 10. d4 Re8 11. O-O Nf6 12. Ng5 Qe7 13. e4 fxe4 14. Ngxe4 Bg4 15.
Nxf6+ Qxf6 16. Qxg4 c6 17. Qf4 Qxf4 18. gxf4 Bxd4 19. Ne4 Rbd8 20. Rcd1 c5 21.
Rxd4 cxd4 22. Nf6+ Kg7 23. Nxe8+ Rxe8 24. Bxb7 Re2 25. Rd1 Rxa2 26. Rxd4 Rb2
27. Rd3 a5 28. Bc6 h6 29. Ba4 Re2 30. Rxd6 Re4 31. c5 Rxf4 32. c6 Rf3 33. c7
Rc3 34. Rc6  1-0

[Event "2nd Easter 4NCL Congress"]
[Site "Daventry"]
[Date "2022.04.16"]
[Round "2"]
[Board "4"]
[White "Bullock, Lee"]
[Black "Wall, Robert"]
[Result "1-0"]
[WhiteElo "1579"]
[BlackElo "1673"]
[PlyCount "147"]
[EventDate "2022.04.15"]
[EventRounds "7"]
[EventCountry "ENG"]

1. d3 d5 2. Nd2 Nf6 3. e4 Nc6 4. h3 e5 5. Ngf3 Bc5 6. c3 a5 7. Be2 O-O 8. Qc2
Re8 9. Nf1 d4 10. g4 dxc3 11. bxc3 b5 12. Ng3 b4 13. Bd2 Qd6 14. Nf5 Qd7 15.
N5h4 Rd8 16. Rg1 bxc3 17. Bxc3 Bb4 18. a3 Nd4 19. Nxd4 Bxc3+ 20. Qxc3 Qxd4 21.
Rc1 Ne8 22. Nf3 Qxc3+ 23. Rxc3 f6 24. Kd2 Rb8 25. Ke3 Rd7 26. g5 Kf7 27. gxf6
gxf6 28. Rc5 Ra8 29. Rb1 Rd6 30. Nd2 Kg6 31. Nc4 Rda6 32. h4 Be6 33. Rg1+ Kh6
34. f4 Bxc4 35. Rxc4 Re6 36. fxe5 Rxe5 37. Bg4 Ra7 38. Rb1 Kg7 39. d4 Nd6 40.
dxe5 Nxc4+ 41. Kd4 Nxe5 42. Be2 Kf7 43. h5 Ke6 44. Rb5 Kd6 45. Rd5+ Ke6 46. Rb5
Ra8 47. Bd1 c6 48. Bb3+ Kd6 49. Rb7 c5+ 50. Ke3 c4 51. Bc2 Nd7 52. Kd4 Kc6 53.
Rb1 Nb6 54. Rf1 Rf8 55. Rf5 Nd7 56. Rxa5 Kb6 57. Rd5 Ne5 58. a4 Rf7 59. Rd6+
Kc7 60. Rd5 Kb6 61. Bd1 Kc6 62. Be2 Ra7 63. Bd1 h6 64. Kc3 Nd7 65. a5 Ne5 66.
Ba4+ Kc7 67. Rc5+ Kd6 68. Rd5+ Kc7 69. Kd4 Ra6 70. Rc5+ Kd6 71. Rd5+ Kc7 72.
Ke3 c3 73. Rc5+ Kb7 74. Ke2  1-0

[Event "2nd Easter 4NCL Congress"]
[Site "Daventry"]
[Date "2022.04.16"]
[Round "2"]
[Board "5"]
[White "Collyer, David"]
[Black "Mckay, Ruairidh"]
[Result "0-1"]
[WhiteElo "1663"]
[BlackElo "1544"]
[PlyCount "96"]
[EventDate "2022.04.15"]
[EventRounds "7"]
[EventCountry "ENG"]

1. c4 Nf6 2. Nc3 c6 3. Nf3 g6 4. d4 Bg7 5. e4 d6 6. Be2 O-O 7. O-O Nbd7 8. Bg5
h6 9. Be3 Ng4 10. Bd2 e5 11. d5 Ngf6 12. b4 a6 13. Qc2 c5 14. b5 Ne8 15. Bd3
Nc7 16. bxa6 bxa6 17. Rab1 Rb8 18. Rxb8 Nxb8 19. Rb1 Bg4 20. Ne1 a5 21. f3 Bd7
22. Rb6 Qe7 23. Nb5 Bxb5 24. cxb5 Na8 25. Bxa5 Nxb6 26. Bxb6 Qb7 27. Ba5 Qa7
28. Bd2 c4+ 29. Kf1 cxd3 30. Nxd3 Qb7 31. a4 Rc8 32. Qb3 Na6 33. Qa3 Nc5 34.
Nxc5 dxc5 35. Qb2 c4 36. a5 c3 37. Bxc3 Rxc3 38. Qxc3 Qxb5+ 39. Kf2 Qa6 40. Qc7
Bf8 41. Kg3 Qf6 42. Qc8 Qf4+ 43. Kf2 Qd2+ 44. Kg3 Qxa5 45. d6 Kg7 46. d7 Be7
47. Qc2 Qe1+ 48. Qf2 Bh4+  0-1

[Event "2nd Easter 4NCL Congress"]
[Site "Daventry"]
[Date "2022.04.16"]
[Round "2"]
[Board "6"]
[White "Dos Santos Silva, Bruno Alexandre"]
[Black "Cotterell, David M"]
[Result "1/2-1/2"]
[WhiteElo "1647"]
[BlackElo "1541"]
[PlyCount "114"]
[EventDate "2022.04.15"]
[EventRounds "7"]
[EventCountry "ENG"]

1. d4 d5 2. Nc3 e6 3. Bf4 Bd6 4. e3 Bxf4 5. exf4 Nc6 6. Nf3 Bd7 7. Ne5 Nxe5 8.
fxe5 Ne7 9. Qg4 g6 10. O-O-O Nf5 11. h4 h5 12. Qf4 Qe7 13. g3 O-O-O 14. Qd2 a6
15. Nb1 f6 16. Qa5 Bc6 17. Nc3 fxe5 18. dxe5 d4 19. Na4 Bxh1 20. Nc5 Rd5 21. b4
Rxc5 22. bxc5 Bc6 23. Rd3 Bb5 24. Rd1 Bxf1 25. Rxf1 Qd7 26. Rd1 Qc6 27. Rd3 Rd8
28. Qd2 Qxc5 29. Qg5 Qxe5 30. Qxg6 Ne7 31. Qf7 Nc6 32. a3 b6 33. Qf3 Qd5 34.
Qe2 Qe5 35. Qf3 Qf5 36. Qxc6 Qd5 37. Qa4 a5 38. c3 Qe4 39. Qd1 e5 40. cxd4 Rxd4
41. Rxd4 Qxd4 42. Qxh5 e4 43. Qf5+ Kb7 44. h5 e3 45. Qf3+ Ka7 46. Qxe3 Qa1+ 47.
Kd2 Qb2+ 48. Kd1 Qb1+ 49. Qc1 Qd3+ 50. Ke1 Qe4+ 51. Kd1 Qf3+ 52. Ke1 Qe4+ 53.
Kd2 Qd5+ 54. Ke3 Qg5+ 55. f4 Qxg3+ 56. Ke4 Qg2+ 57. Kf5 Qd5+  1/2-1/2

[Event "2nd Easter 4NCL Congress"]
[Site "Daventry"]
[Date "2022.04.16"]
[Round "2"]
[Board "7"]
[White "Cox, Lucian"]
[Black "Wallman, James"]
[Result "0-1"]
[WhiteElo "1545"]
[BlackElo "1601"]
[PlyCount "152"]
[EventDate "2022.04.15"]
[EventRounds "7"]
[EventCountry "ENG"]

1. e4 e5 2. Nf3 Nc6 3. d4 exd4 4. Bc4 h6 5. O-O d6 6. c3 dxc3 7. Nxc3 Nf6 8.
Re1 Be7 9. Bf4 O-O 10. Qd2 Bg4 11. Bxh6 gxh6 12. Qxh6 Bxf3 13. Re3 Ne5 14. Qg5+
Kh8 15. Bb3 Nh7 16. Qf5 Rg8 17. Rxf3 Nxf3+ 18. Qxf3 c6 19. Qxf7 Rf8 20. Qh5 Qe8
21. Qh3 Qg6 22. Re1 Rae8 23. Bd1 Qf6 24. f3 Qh4 25. Qxh4 Bxh4 26. g3 Bf6 27. f4
Bxc3 28. bxc3 Nf6 29. Bc2 Re7 30. e5 Nd5 31. c4 Nb4 32. Bb3 Nd3 33. Rd1 Nc5 34.
exd6 Rd7 35. Kf2 Nxb3 36. axb3 b6 37. b4 c5 38. b5 Rfd8 39. Ra1 Kg7 40. Ke3
Re8+ 41. Kf3 Kf6 42. g4 Rh8 43. Kg3 Rhh7 44. h4 Rxd6 45. h5 Rd3+ 46. Kh4 Rd4
47. Rf1 Rxc4 48. g5+ Kf5 49. g6 Rg7 50. Rg1 Rxf4+ 51. Kh3 c4 52. Rd1 Kg5 53.
Rd5+ Kh6 54. Kg3 Rf6 55. Kg4 c3 56. Rd1 c2 57. Rc1 Rc7 58. Kh4 Rf4+ 59. Kg3 Rb4
60. Kh3 Rb1 61. Rxc2 Rxc2 62. Kg4 Rb4+ 63. Kf5 Rc5+ 64. Kf6 Rf4+ 65. Ke7 Rxh5
66. Ke8 Kxg6 67. Kd8 Rxb5 68. Kc8 a5 69. Kb7 a4 70. Ka6 Rb1 71. Ka7 a3 72. Kb7
a2 73. Ka8 a1=Q+ 74. Kb8 Rf8+ 75. Kb7 Qg7+ 76. Ka6 Ra8#  0-1

[Event "2nd Easter 4NCL Congress"]
[Site "Daventry"]
[Date "2022.04.16"]
[Round "2"]
[Board "8"]
[White "Lacoult, Maxime"]
[Black "Loyden, Gary"]
[Result "0-1"]
[WhiteElo "1599"]
[BlackElo "1526"]
[PlyCount "44"]
[EventDate "2022.04.15"]
[EventRounds "7"]
[EventCountry "ENG"]

1. b3 Nf6 2. Bb2 d6 3. e3 e5 4. g3 Be7 5. Bg2 Nc6 6. Nc3 O-O 7. Nge2 Rb8 8. f4
exf4 9. Nxf4 Bg4 10. Nce2 Qd7 11. e4 Ne5 12. d4 Nf3+ 13. Kf2 Nxe4+ 14. Ke3 Nfg5
15. Bxe4 Nxe4 16. Kxe4 Qf5+ 17. Ke3 Bg5 18. Kf2 Bxf4 19. gxf4 Rbe8 20. Re1 Qh5
21. Qd3 Qxh2+ 22. Kf1 Bh3+  0-1

[Event "2nd Easter 4NCL Congress"]
[Site "Daventry"]
[Date "2022.04.16"]
[Round "2"]
[Board "10"]
[White "Constable, John"]
[Black "Dias, Yan A"]
[Result "0-1"]
[WhiteElo "1595"]
[BlackElo "1525"]
[PlyCount "70"]
[EventDate "2022.04.15"]
[EventRounds "7"]
[EventCountry "ENG"]

1. Nf3 g6 2. c4 Bg7 3. d4 Nf6 4. Nc3 c6 5. g3 O-O 6. Bg2 d5 7. cxd5 cxd5 8. O-O
Nc6 9. Bf4 Ne4 10. Rc1 Nxc3 11. Rxc3 a5 12. Qd2 a4 13. Bh6 Re8 14. Bxg7 Kxg7
15. Qf4 f6 16. Rfc1 Qb6 17. Qd2 Nb4 18. b3 Bd7 19. bxa4 Bxa4 20. Rc5 Na6 21.
Rxd5 Bc6 22. Ra5 Rad8 23. e3 e5 24. Qe1 exd4 25. Ra3 d3 26. Qd2 Bb5 27. Nd4
Rxd4 28. Rac3 Rd6 29. Rb3 Nc5 30. Rbc3 Qa5 31. Bxb7 Nxb7 32. Rc7+ Kg8 33. Qxa5
Nxa5 34. Rd1 d2 35. Rc5 Ba4  0-1

[Event "2nd Easter 4NCL Congress"]
[Site "Daventry"]
[Date "2022.04.16"]
[Round "2"]
[Board "11"]
[White "Jerome, Stelio"]
[Black "Fraser, Chris A"]
[Result "1-0"]
[WhiteElo "1494"]
[BlackElo "1631"]
[PlyCount "85"]
[EventDate "2022.04.15"]
[EventRounds "7"]
[EventCountry "ENG"]

1. e4 c5 2. Nf3 g6 3. d4 cxd4 4. Qxd4 Nf6 5. e5 Nc6 6. Qd1 Nxe5 7. Nc3 Nxf3+ 8.
Qxf3 Bg7 9. Bc4 O-O 10. O-O e6 11. Bg5 d5 12. Rad1 Qe7 13. Bxd5 exd5 14. Nxd5
Nxd5 15. Bxe7 Nxe7 16. Rfe1 Nc6 17. c3 Be6 18. a3 h5 19. h3 Rfd8 20. Rxd8+ Rxd8
21. Rd1 Rb8 22. Qe3 Bf8 23. b4 a6 24. a4 Bb3 25. Rd7 Bxa4 26. Qb6 Bb5 27. Rxb7
Rxb7 28. Qxb7 Ne5 29. Qc8 Nc4 30. f4 Kg7 31. f5 Nd6 32. f6+ Kxf6 33. Qxf8 Nc4
34. Kf2 Ke6 35. Qc5 Nb2 36. Qe3+ Kf6 37. Kg3 Nc4 38. Qd4+ Ke6 39. Kf4 Ke7 40.
h4 Ke6 41. g3 Nd6 42. Qe3+ Kf6 43. Qe5#  1-0

[Event "2nd Easter 4NCL Congress"]
[Site "Daventry"]
[Date "2022.04.16"]
[Round "2"]
[Board "12"]
[White "Llewellyn, Alan M"]
[Black "Keerthi Kumar, Advait"]
[Result "1-0"]
[WhiteElo "1624"]
[BlackElo "1377"]
[PlyCount "143"]
[EventDate "2022.04.15"]
[EventRounds "7"]
[EventCountry "ENG"]

1. c4 e5 2. Nc3 Nf6 3. Nf3 Nc6 4. g3 Bc5 5. e3 O-O 6. Nxe5 Nxe5 7. d4 Bb4 8.
dxe5 Ne4 9. Bd2 Nxc3 10. Bxc3 Bxc3+ 11. bxc3 Qe7 12. Bg2 Qxe5 13. Qd4 Re8 14.
O-O d6 15. Rab1 c6 16. Rfd1 f6 17. Qxd6 Qxd6 18. Rxd6 Kf7 19. Rbd1 Be6 20. a3
Ke7 21. c5 a5 22. Rb1 Ra7 23. Kf1 a4 24. Ke1 Bb3 25. Bh3 Rd8 26. Rxd8 Kxd8 27.
Rb2 Ke7 28. Rd2 Be6 29. Bxe6 Kxe6 30. Rd6+ Ke7 31. Kd2 Ra5 32. Rd4 Rxc5 33.
Rxa4 Rb5 34. Rb4 Rd5+ 35. Ke2 Rd7 36. Rd4 Rc7 37. Rh4 h6 38. Rg4 Kd6 39. Kd3
Kc5 40. Rc4+ Kb5 41. Rd4 c5 42. Rd5 Ka4 43. Kc4 b5+ 44. Kd3 Kxa3 45. Kc2 Ka2
46. Rd6 Ra7 47. Rb6 Ra5 48. Rb7 h5 49. Rf7 b4 50. Rb7 Ra4 51. Rb5 h4 52. gxh4
bxc3 53. Rxc5 Ka3 54. Kxc3 Ka2 55. Rc4 Ra5 56. Rf4 f5 57. h5 Kb1 58. h6 Ra6 59.
Rh4 Rc6+ 60. Kd4 Ra6 61. Rh5 Ra4+ 62. Ke5 Ra5+ 63. Kf4 Ra4+ 64. Kxf5 Ra5+ 65.
Kg4 Ra4+ 66. f4 Ra8 67. h7 Rh8 68. Kg5 Kc2 69. Kg6 Kc3 70. Kxg7 Rxh7+ 71. Kxh7
Kd3 72. f5  1-0

[Event "2nd Easter 4NCL Congress"]
[Site "Daventry"]
[Date "2022.04.16"]
[Round "2"]
[Board "13"]
[White "Ward, Oliver J"]
[Black "Vaidyanathan, Adithya"]
[Result "0-1"]
[WhiteElo "1415"]
[BlackElo "1590"]
[PlyCount "118"]
[EventDate "2022.04.15"]
[EventRounds "7"]
[EventCountry "ENG"]

1. d4 d5 2. c4 e6 3. Nc3 Nf6 4. cxd5 exd5 5. Bg5 Be7 6. e3 h6 7. Bh4 O-O 8. Bd3
c5 9. Bxf6 Bxf6 10. Nge2 cxd4 11. exd4 Nc6 12. Bc2 Bg4 13. Qd3 g6 14. a3 Re8
15. O-O Qd6 16. Bb3 Rad8 17. Bxd5 Bf5 18. Qc4 Re7 19. Rad1 Rc8 20. Qc5 Qxc5 21.
dxc5 Ne5 22. Ng3 Bd3 23. Rfe1 Bc2 24. Nge4 Bxd1 25. Nxf6+ Kg7 26. Rxd1 Kxf6 27.
Ne4+ Kg7 28. b4 a5 29. f4 Ng4 30. Nd6 Rcc7 31. Nc4 axb4 32. axb4 Rcd7 33. Nb6
Rd8 34. Nc4 Rxd5 35. Rf1 Ne3 36. Re1 Rd1 37. Rxd1 Nxd1 38. g3 Re4 39. Ne5 Rxb4
40. c6 bxc6 41. Nxc6 Rb6 42. Ne5 f6 43. Nf3 g5 44. f5 Ne3 45. Nd4 Rd6 46. Nf3
Nxf5 47. Kg2 Ne3+ 48. Kf2 Ng4+ 49. Kg2 Ra6 50. h4 Ra2+ 51. Kh3 f5 52. hxg5 hxg5
53. Nd2 Nf2+ 54. Kg2 Rxd2 55. Kf3 g4+ 56. Ke3 Kg6 57. Kxd2 Ne4+ 58. Ke3 Nxg3
59. Kf4 Nh5+  0-1

[Event "2nd Easter 4NCL Congress"]
[Site "Daventry"]
[Date "2022.04.16"]
[Round "2"]
[Board "14"]
[White "Vaidyanathan, Sathya"]
[Black "Morris, Nigel W"]
[Result "0-1"]
[WhiteElo "1280"]
[BlackElo "1587"]
[PlyCount "138"]
[EventDate "2022.04.15"]
[EventRounds "7"]
[EventCountry "ENG"]

1. e4 c5 2. Nf3 d6 3. Bc4 e6 4. d3 Nf6 5. Nc3 Nc6 6. a3 a6 7. Bd2 b5 8. Ba2 Bd7
9. h3 Qc7 10. Bf4 Be7 11. O-O h6 12. Re1 e5 13. Bd2 g5 14. Nd5 Nxd5 15. exd5
Nd8 16. c3 f5 17. d4 g4 18. hxg4 fxg4 19. Nh2 h5 20. g3 Nf7 21. dxe5 Nxe5 22.
Bf4 O-O-O 23. Qe2 Bf6 24. Bxe5 Bxe5 25. a4 Rde8 26. Qf1 h4 27. Qd3 c4 28. Qd1
hxg3 29. fxg3 Bxg3 30. Rxe8+ Rxe8 31. Qd2 Qc5+ 32. Qd4 Qxd4+ 33. cxd4 Re2 34.
Nf1 Bf2+ 35. Kh1 Bxd4 36. axb5 axb5 37. Rb1 Bf5 38. Ng3 Be4+ 39. Nxe4 Rxe4 40.
b4 Re5 41. Rf1 Rxd5 42. Rf4 Be3 43. Bxc4 bxc4 44. Rxc4+ Kd7 45. Rxg4 Rb5 46.
Rg7+ Kc6 47. Rg4 Bd2 48. Rd4 Bxb4 49. Kg2 Kc5 50. Rd1 Kc4 51. Kf3 d5 52. Ke3
Bc5+ 53. Ke2 Rb2+ 54. Kf3 d4 55. Ke4 d3 56. Rc1+ Rc2 57. Rd1 d2 58. Kf3 Kc3 59.
Ke2 Bf8 60. Ke3 Bh6+ 61. Ke2 Rc1 62. Rg1 Rxg1 63. Kf2 Rg8 64. Kf3 d1=Q+ 65. Ke4
Re8+ 66. Kf5 Qf3+ 67. Kg6 Rg8+ 68. Kh7 Qf7+ 69. Kxh6 Qg6#  0-1

[Event "2nd Easter 4NCL Congress"]
[Site "Daventry"]
[Date "2022.04.16"]
[Round "2"]
[Board "15"]
[White "Hariharan, Shambavi"]
[Black "Keshari, Krish"]
[Result "1-0"]
[WhiteElo "1466"]
[BlackElo "1218"]
[PlyCount "77"]
[EventDate "2022.04.15"]
[EventRounds "7"]
[EventCountry "ENG"]

1. d4 f5 2. Bf4 Nf6 3. Nf3 g6 4. h3 Bg7 5. e3 O-O 6. Bc4+ Kh8 7. O-O d6 8. Ng5
d5 9. Bd3 Nh5 10. Bh2 e5 11. h4 exd4 12. exd4 Bxd4 13. c3 Bf6 14. Be2 Bxg5 15.
hxg5 Ng7 16. Nd2 c6 17. Nf3 Be6 18. Qb3 b6 19. Be5 Kg8 20. c4 Nd7 21. Bd6 Re8
22. cxd5 cxd5 23. Nd4 Nc5 24. Bxc5 bxc5 25. Nxe6 Rxe6 26. Bf3 c4 27. Qb5 Rd6
28. Rfd1 Rb8 29. Bxd5+ Kf8 30. Qxc4 Rxb2 31. Qc3 Qb6 32. Qf3 Ne8 33. Bb3 Rbd2
34. Rxd2 Rxd2 35. Re1 Nc7 36. Qf4 Qd6 37. Qc4 Rd5 38. Rc1 Qf4 39. Qxf4  1-0

[Event "2nd Easter 4NCL Congress"]
[Site "Daventry"]
[Date "2022.04.16"]
[Round "2"]
[Board "16"]
[White "Keshari, Rohit"]
[Black "Matilal, Tamal K"]
[Result "1-0"]
[WhiteElo "1182"]
[BlackElo "1451"]
[PlyCount "87"]
[EventDate "2022.04.15"]
[EventRounds "7"]
[EventCountry "ENG"]

1. d4 c5 2. e3 cxd4 3. exd4 Nf6 4. Bd3 Nc6 5. c3 e5 6. dxe5 Nxe5 7. Nf3 Nxd3+
8. Qxd3 Qe7+ 9. Be3 d5 10. O-O Ne4 11. Qxd5 Qe6 12. Qd3 Bd6 13. Re1 O-O 14. Bd2
f5 15. Ng5 Qh6 16. Qd5+ Be6 17. Qxe6+ Qxe6 18. Nxe6 Rf6 19. Nd4 Re8 20. f3 Ref8
21. fxe4 fxe4 22. Be3 h6 23. Nd2 Re8 24. Nb5 Bb8 25. Rf1 Ra6 26. a3 g5 27. Rf5
Rg6 28. Raf1 a6 29. Nd4 b5 30. Rf6 Kg7 31. Rxg6+ Kxg6 32. N2b3 Bc7 33. Rf5 a5
34. Rxb5 a4 35. Nd2 Bf4 36. Rb6+ Kh5 37. Nf5 Kg4 38. Nxh6+ Kh5 39. Nf5 Kg4 40.
Rb5 Be5 41. Nh6+ Kh5 42. Nf7 Bb8 43. Rxg5+ Kh4 44. Bf2+  1-0

[Event "2nd Easter 4NCL Congress"]
[Site "Daventry"]
[Date "2022.04.16"]
[Round "2"]
[Board "18"]
[White "Goldsmith, Jennifer"]
[Black "Beswick, Andrew"]
[Result "0-1"]
[WhiteElo "1431"]
[BlackElo "1684"]
[PlyCount "103"]
[EventDate "2022.04.15"]
[EventRounds "7"]
[EventCountry "ENG"]

1. d4 Nf6 2. Nf3 e6 3. Bg5 Be7 4. Nbd2 d5 5. e3 O-O 6. Bd3 c5 7. c3 Nbd7 8. O-O
h6 9. Bf4 Nh5 10. Be5 f6 11. Ne1 Qe8 12. Bg3 Nxg3 13. hxg3 e5 14. Bc2 b6 15.
Nef3 e4 16. Nh4 Nb8 17. Nxe4 f5 18. Nd2 Nc6 19. Nhf3 c4 20. Ba4 Bd7 21. b3 a6
22. bxc4 dxc4 23. Bxc6 Bxc6 24. Nxc4 Bb5 25. Qb3 Kh8 26. a4 Bxa4 27. Qxb6 Bb5
28. Nfe5 Rf6 29. Qa5 Rc8 30. Qa2 Qg8 31. d5 Qxd5 32. Rfd1 Bxc4 33. Nxc4 Qxc4
34. Qxc4 Rxc4 35. Rd7 Re6 36. Rd3 Bf6 37. Ra3 Rec6 38. Rd5 g6 39. Rb3 Rxc3 40.
Rb8+ Rc8 41. Rxc8+ Rxc8 42. Rd6 Ra8 43. Rxf6 a5 44. Rc6 a4 45. Kf1 a3 46. Rc1
Kg7 47. Ke2 Kf6 48. Kf3 Ke5 49. Ra1 Kd5 50. Kf4 Kc4 51. Rb1 a2 52. Ra1  0-1